| 000 | 00400nam a2200157 i 4500 | ||
|---|---|---|---|
| 001 | 30766 | ||
| 003 | ES-MaACL | ||
| 005 | 20230906154242.0 | ||
| 007 | t| | ||
| 008 | 030127s1931 fr ||||1| fre d | ||
| 100 | 1 |
_aBellanger, Pierre. _927194 |
|
| 245 | 1 | 0 |
_aPhysiologie du bridge / _cPierre Bellanger. |
| 260 |
_aParĂs : _bPlon, _c1931. |
||
| 300 |
_a430 p. ; _c23 cm. |
||
| 852 |
_aES-MaACL _jA-155 |
||
| 999 |
_c30766 _d30766 |
||